Music Quiz

Random Music or Decade Quiz

#1 Artists by Decade (Per Letter) Quiz Stats

 Plays Quiz Updated Jun 16, 2017

Challenge
Share
Tweet
Embed
Score 0/109 Timer 12:00
2 Plays Today
Decade Artist % Correct
1970sBee Gees
86.9%
1960sThe Beatles
86.1%
1970sThe Jackson 5
85.1%
1990sJanet Jackson
82.5%
1980sMadonna
81.1%
1980sMichael Jackson
79.4%
1990sMadonna
78%
2000sJanet Jackson
77.3%
1970sPaul McCartney
75%
1990sWill Smith
72.1%
1970sDiana Ross
70.9%
2000sMaroon 5
70.3%
2000sBeyoncé
66.9%
1990sBryan Adams
66.9%
1980sBon Jovi
66.5%
1990sMariah Carey
64.2%
1960sThe Rolling Stones
63.8%
2000sMariah Carey
63.4%
1980sPrince
63.3%
2000sBritney Spears
62.9%
1980sWhitney Houston
60.3%
2000sPink
60.2%
1960sElvis Presley
58.9%
2000sLudacris
56.5%
1980sHuey Lewis & The News
55.9%
1970sStevie Wonder
55.7%
1980sQueen
55.2%
1980sSteve Winwood
54.8%
1970sGeorge Harrison
54.2%
1970sAmerica
53.9%
1990sWhitney Houston
53%
1960sSupremes
52.9%
1990sPuff Daddy
52.8%
1970sCher
52.5%
2000sNelly
51.6%
1970sBarbra Streisand
51.3%
1960sThe Doors
51%
Decade Artist % Correct
1990sBoyz II Men
50.2%
1980sLionel Richie
50%
1980sPaula Abdul
49.9%
1980sU2
49.5%
1990sCeline Dion
46.9%
1960sMary Wells
45.8%
1970sAndy Gibb
45.4%
2000sChristina Aguilera
45.2%
1970sThree Dog Night
44%
1970sJohn Lennon
44%
2000sEminem
43.5%
1980sPhil Collins
43.5%
2000sJustin Timberlake
42.1%
1980sDebbie Gibson
41.7%
1960sThe 4 Seasons
40.5%
1970sEagles
40.3%
1990sWilson Phillips
39.7%
2000sUsher
39%
1990sUB40
39%
2000sDestiny's Child
37.1%
1980sTears for Fears
36.9%
1980sDuran Duran
36.3%
1980sYes
36.3%
1960sThe Monkees
35.9%
1980sFine Young Cannibals
35.9%
2000sRihanna
35.8%
1970sKC & The Sunshine Band
35.4%
1980sSimply Red
34.8%
1990sThe Notorious BIG
34.8%
1960sThe Temptations
33%
1970sJohn Denver
32.6%
2000sFergie
32.5%
1970sRoberta Flack
32.4%
1960sRay Charles
31.8%
1990sTLC
30%
1960sBrenda Lee
29.2%
1980sVan Halen
28.3%
Decade Artist % Correct
1980sNew Kids on the Block
27.3%
2000sKanye West
26.5%
1970sNeil Young
25.5%
1960sThe Association
23.4%
1980sINXS
22.6%
1980sGloria Estefan
22.4%
1970sBilly Preston
21.3%
1960sMarvin Gaye
20.6%
1990sEMF
18.9%
1970sTony Orlando & Dawn
18.9%
1980sKool & The Gang
17.9%
1970sOlivia Newton-John
16.7%
1990sR. Kelly
16.7%
1990sJennifer Lopez
16.7%
1960sTommy James & The Shondells
16.1%
2000sAlicia Keys
14.7%
1960sRicky Nelson
14.7%
1960sRoy Orbison
14.2%
2000sOutKast
13.5%
1970sFrankie Valli
13%
1990sVanilla Ice
12.7%
1960sThe Everly Brothers
12.2%
1990sEnrique Iglesias
11.9%
2000sEnrique Iglesias
11.4%
1960sHerman's Hermits
10.8%
1980sBilly Ocean
8.9%
1990sAmy Grant
7.8%
1990sRoxette
7.7%
1960sBobby Vinton
7.1%
1990sSinéad O'Connor
6.8%
1960sZager & Evans
6.1%
1960s? & The Mysterians
5.2%
2000sVertical Horizon
3.9%
2000sTaylor Hicks
3.6%
1960sBert Kaempfert
2.5%

You're not logged in!

Compare scores with friends on all Sporcle quizzes.
OR
Log In

You Might Also Like...

Show Comments

Extras

Top Quizzes Today


Score Distribution

Your Account Isn't Verified!

In order to create a playlist on Sporcle, you need to verify the email address you used during registration. Go to your Sporcle Settings to finish the process.

Report this User

Report this user for behavior that violates our Community Guidelines.

Details: